00497nam a22001695i 450000100060000000300090000600500170001500700030003200800410003504000200007610000190009624500750011525000130019026000810020330000200028485200230030454457ES-MaACL20230906162946.0t|960723s1843 fr ||||1| fre d aCAM bspa cCAM1 aFoucart, E. V.10aEléments de droit public et administratif ... / cpar E. V. Foucart. a3e éd. aParis : bVidecoq Père et fils, c1843 (fimprimé par Béthune et Plon) a3 v. ; c22 cm. aES-MaACLjG-8111-3